000 00687nam a2200241Ia 4500
001 15824
003 GE_BSU
008 181216s||||||||xx |||||||||||||| ||und||
040 _cGE_BSU
080 _a821.353.1-31
100 _aჭეიშვილი, ალ.
245 _aლელო
245 _bრომანი
245 _cრედ.დ.მაისურაძე მხატვ.რ.ვაშაძე
260 _aთბილისი
260 _bსახელგამი
260 _c1951
300 _a435გვ. : 1 ფურც. პორტრ.20სმ.
541 _h7ლ.
653 _aლელო
653 _aრომანი
942 _cBK
999 _c48921
_d48921